1662 1953 1121 1639 1803 1818 1670 1226 1340 1929 1402 1541 1259 1617 1083 1452 1247 1125 1139 1945 1823 1382 1915 1148 1556 1635 1233 1451 1102 1281 1971 1932 1139 1587 1821 1221 1294 1136 1211 1462 1362 1725 1272 1087 1243 1562 1103 1432 1550 1521 1550 1014 1345 1052 1436 1323 1611 1393 1223 1258 1849 1680 1314 1194 1130 1235 1457 1525 1401 1357 1091 1635 1728 1586 1508 1417 1665 1308 1209 1843 1217 1020 1327 1476 1123 1565 1514 1917 1227 1192 1347 1092 1706 1990 1904 1254 1910 1796 1820 BCNSPRNW ULIB Ver.6.0+V

เปลี่ยนเป็นภาษาไทย

Change to English
 แสดงรายละเอียดบรรณานุกรม
  กลับหน้าหลัก

Brief Record : Get Marc (ISO 2709) : E-mail record : QR code < ปิดหน้าต่าง
LEADER : 00000nam 2200000uu 4500
001    13399108179
003     ULIB
008    110220s2549||||th 000 0 tha d
060  4 WY18.2^bว587ส 2549
110 1  วิทยาลัยพยาบาลเครือข่ายภาคกลาง
245 00 สาระทบทวน วิชา การพยาบาลผู้สูงอายุ/^cวิทยาลัยพยาบาลเครือข่ายภาคกลาง
250    พิมพ์ครั้งที่ 2
260    กรุงเทพฯ:^bวิทยาลัยพยาบาลเครือข่ายภาคกลาง,^c2549
300    137
650  7 การพยาบาลผู้สูงอายุ^xคำถามและคำตอบ
945    ^p0^l0^i019339
995    ทศพร
999 ^a ใช้งานได้ทุกระบบ
รายการนี้ยังไม่มีแท็ก
คุณยังไม่ได้ล็อกอิน คุณสามารถมีกิจกรรมร่วมกับเว็บไซต์ได้ แต่ต้องล็อกอินก่อน ::
  ล็อกอิน

รายการสื่อสารสนเทศ

ลำดับที่ ประเภท เลขเรียก/บาร์โค้ด สถานที่ สถานะ
- ไม่พบข้อมูล -

BibComment


ยังไม่เคยถูกคอมเมนท์

คอมเมนท์ทรัพยากรรายการนี้
  คอมเมนท์: สาระทบทวน วิชา กา..


 Copyright 2026. Bcnsprnw @Library